Quick Pick: First Names in Drinks Quiz Stats

 Plays Quiz Updated Sep 21, 2017

Challenge
Share
Tweet
Embed
Score 0/12 Timer 01:00
5 Plays Today
% Correct
Mary
96.1%
Jack
95.9%
Shirley
93.3%
Jim
89.8%
Jose
88.4%
Johnnie
87.9%
Maria
87.7%
Arnold
85.3%
Rob
84.7%
Harvey
83.8%
Ginger
76.1%
Evan
68.8%

Today's Daily Dose

You're not logged in!

Compare scores with friends on all Sporcle quizzes.
OR
Log In

You Might Also Like...

Show Comments

Extras

Top Quizzes Today


Score Distribution

Your Account Isn't Verified!

In order to create a playlist on Sporcle, you need to verify the email address you used during registration. Go to your Sporcle Settings to finish the process.

Report this User

Report this user for behavior that violates our Community Guidelines.

Details: